000 00558nam a2200241Ia 4500
005 20260320201049.0
008 008 262003s9999 xx 000 0 eng d
037 _aEBOOK
040 _aCRL
040 _beng
040 _cCRL
041 _2eng
041 _aeng
084 _qCRL
100 _aO'Hara
245 0 _aIEEE 802.11 Handbook: A Designer's Companion
260 _bIEEE
260 _c2005
856 _uhttps://ieeexplore.ieee.org/servlet/opac?bknumber=5769533
942 _cEBOOK
999 _c1718619
_d1718619